000 01649nam a2200289 i 4500
999 _c65109
_d65109
001 768714001
003 CO-MdFUSB
005 20200109092327.0
008 190715t2011 us |||| |||| 00| 0 spa d
020 _a9781928980438
040 _aCO-MdFUSB
_bspa
_cCO-MdFUSB
_dCO-MdFUSBC
_erda
041 _aspa
_heng
082 _225
_a253
_bAS815
100 _aAscol, Thomas K.
_eeditor
245 _aQuerido Timoteo :
_bcartas sobre el ministerio pastoral.
_c/ Thomas K. Ascol.
264 1 _aEstados Unidos :
_bPublicaciones Faro de Gracia,
_c[2011]
264 4 _c© 2011
300 _a269 páginas
_c; 22 cm
336 _2rdacontent
_atexto
_btxt
337 _2rdamedia
_asin mediación
_bn
338 _2rdacarrier
_avolumen
_bnc
505 _aEstablece prioridades / Tom Ascol. -- Cuida de tu vida / Conrad Mbewe -- Ama a tu familia / Tedd Tripp -- Ama a tu rebaño / Ted Christman -- Memoriza las Escrituras / Andy Davis -- Ora en todo tiempo / Martin Holdt -- Cultiva la humildad / C.J. Mahaney -- Se valinte / Bill Ascol -- Haz el trabajo de un evangelista / Mark Dever -- Haz obra personal / Fred Malone --Cuida tu doctrina / Raymond Perron -- Continúa estudiando / Ligon Duncan -- Aprende de los Puritanos I / Joel Beeke -- Aprende de los Puritanos II / Joel Beeke -- Predica la Palabra / Roger Ellsworth -- Adora en Espíritu y en verdad / Terry Johnson -- Instruye a otros hombres / Steve Martin -- Preocúpate por las naciones / Phil Newton -- No descuides el avivamiento / Ray Ortlund, Jr. --Encuentra sitio donde asentarte / Geoff Thomas.
563 _aRústico
650 7 _9227
_aTeología pastoral
942 _cBK
945 _aJTF-925